Animal, Vegetable, or Mineral? - Statistics

General Stats
  • This quiz has been taken 27,581 times
    27,563 since last reset
  • The average score is 15 of 20
Answer Stats
Question Answer % Correct
Armadillo Animal
98%
Basalt Mineral
94%
Anthracite Mineral
93%
Buttercup Vegetable
88%
Sea Cucumber Animal
80%
Foxglove Vegetable
80%
Coral Animal
75%
Stonefly Animal
75%
Edelweiss Vegetable
75%
Copperhead Animal
74%
Onyx Mineral
74%
Hyacinth Vegetable
71%
Venus Fly Trap Vegetable
71%
Spiderwort Vegetable
70%
Auk Animal
65%
Oryx Animal
65%
Schist Mineral
64%
Quince Vegetable
62%
Whelk Animal
59%
Ptarmigan Animal
44%
No matching quizzes found
Score Distribution
Percent of People with Each Score
Percentile by Number Answered
Your Score History
You have not taken this quiz since the last reset